Việt Nam phật giáo sử luận T.2 /
Sinh hoạt của tăng đồ và cư sĩ; Đạo phật trong thời nho học độc tôn; Sức sáng tạo của giới phật tử đại chúng; Sự phục hưng của môn phát trúc lâm; Thiền sư hương hải; Thiền phái lâm tế và phật giáo ở đàng trong....
Enregistré dans:
| Auteur principal: | |
|---|---|
| Format: | Livre |
| Langue: | Vietnamese |
| Publié: |
Hà Nội :
Văn học,
1992.
|
| Sujets: | |
| Tags: |
Ajouter un tag
Pas de tags, Soyez le premier à ajouter un tag!
|
| Thư viện lưu trữ: | Mạng thư viện Đại học Đà Nẵng |
|---|
| LEADER | 01154cam a2200361 i 4500 | ||
|---|---|---|---|
| 001 | 000043904 | ||
| 003 | 2026 | ||
| 005 | 20030912104442.0 | ||
| 008 | 010217b1992 vm 000 vie | ||
| 020 | |c 17000 | ||
| 022 | |a T | ||
| 040 | |a IRC |c IRC |d IRC | ||
| 041 | 0 | |a vie | |
| 082 | 1 | 4 | |a 294.3 |b NG-L |
| 100 | 1 | |a Nguyễn Lang. | |
| 245 | 0 | 0 | |a Việt Nam phật giáo sử luận |n T.2 / |c Nguyễn Lang. |
| 260 | |a Hà Nội : |b Văn học, |c 1992. | ||
| 300 | |a 380tr. ; |c 19cm. | ||
| 520 | 3 | |a Sinh hoạt của tăng đồ và cư sĩ; Đạo phật trong thời nho học độc tôn; Sức sáng tạo của giới phật tử đại chúng; Sự phục hưng của môn phát trúc lâm; Thiền sư hương hải; Thiền phái lâm tế và phật giáo ở đàng trong.... | |
| 630 | 0 | 4 | |a Việt Nam. |
| 630 | 0 | 4 | |a Phật giáo. |
| 630 | 0 | 4 | |a Sử luận. |
| 650 | 0 | 4 | |a Phật giáo |x Học thuyết. |
| OWN | |a DUT | ||
| 999 | |a From the UDN01 | ||
| TYP | |a Monograph | ||
| TYP | |a Printed language | ||
| 980 | |a Mạng thư viện Đại học Đà Nẵng | ||